LEADER 00763nam0-22002891--450- 001 990008700420403321 005 20090122084345.0 035 $a000870042 035 $aFED01000870042 035 $a(Aleph)000870042FED01 035 $a000870042 100 $a20080903d1953----km-y0itay50------ba 101 0 $aita 102 $aIT 105 $ay---n---001yy 200 1 $aFilosofia del diritto$fGiacomo Perticone 210 $aRoma$cEdizioni dell'Ateneo$d1953 215 $a304 p.$d24 cm 676 $a340 700 1$aPerticone,$bGiacomo$f<1892-1979>$068356 801 0$aIT$bUNINA$gRICA$2UNIMARC 901 $aBK 912 $a990008700420403321 952 $aXI D 321$b41893$fFGBC 959 $aFGBC 996 $aFilosofia del diritto$9719394 997 $aUNINA LEADER 02288nam 2200361 450 001 996214858003316 005 20231108232944.0 010 $a0-674-99246-6 035 $a(CKB)3820000000012063 035 $a(NjHacI)993820000000012063 035 $a(EXLCZ)993820000000012063 100 $a20231108d1929 uy 0 101 0 $aeng 135 $aur||||||||||| 181 $ctxt$2rdacontent 182 $cc$2rdamedia 183 $acr$2rdacarrier 200 10$aGeography$hVolume VI, /$fStrabo 210 1$aCambridge :$cHarvard University Press,$d1929. 215 $a1 online resource (406 pages) 330 $aAnnotation Strabo (ca. 64 BCE to ca. 25 CE), an Asiatic Greek of Amasia in Pontus, studied at Nysa and after 44 BCE at Rome. He became a keen traveller who saw a large part of Italy, various near eastern regions including the Black Sea, various parts of Asia Minor, Egypt as far as Ethiopia, and parts of Greece. He was a long time in Alexandria where he no doubt studied mathematics, astronomy, and history. Strabo's historical work is lost, but his most important Geography in seventeen books has survived. After two introductory books, numbers 3 and 4 deal with Spain and Gaul, 5 and 6 with Italy and Sicily, 7 with north and east Europe, 8A?-10 with Greek lands, 11A?-14 with the main regions of Asia and with Asia Minor, 15 with India and Iran, 16 with Assyria, Babylonia, Syria, and Arabia, 17 with Egypt and Africa. In outline he follows the great mathematical geographer Eratosthenes, but adds general descriptions of separate countries including physical, political, and historical details. A sequel to his historical memoirs, Geography is planned apparently for public servants rather than studentsA?--hence the accounts of physical features and of natural products. On the mathematical side it is an invaluable source of information about Eratosthenes, Hipparchus, and Posidonius. The Loeb Classical Library edition of Strabo is in eight volumes. 606 $aGeography 606 $aGeography$vBibliography 615 0$aGeography. 615 0$aGeography 676 $a910 700 $aStrabo$0169725 801 0$bNjHacI 801 1$bNjHacl 906 $aBOOK 912 $a996214858003316 996 $aGeography$91044073 997 $aUNISA